Top 15 valtiot hindujen määrän mukaan - Statistics

Yleistilastot
  • Tätä visaa on pelattu 1 926 kertaa
    1 300 viimeisimmän päivityksen jälkeen
  • Keskiarvotulos 9 / 15
Vastaustilastot
Hinduja Valtio % Oikein
1053 milj. Intia
100%
3,63 milj. Pakistan
87%
23,5 milj. Nepal
86%
14,3 milj. Bangladesh
83%
2,30 milj. Yhdysvallat
81%
7,20 milj. Indonesia
75%
2,67 milj. Sri Lanka
75%
0,498 milj. Kanada
67%
1,02 milj. Yhdistynyt kuningaskunta
61%
0,440 milj. Australia
56%
1,95 milj. Malesia
56%
0,505 milj. Etelä-Afrikka
23%
0,359 milj. Qatar
18%
0,490 milj. Yhdistyneet arabiemiraatit
18%
0,600 milj. Mauritius
11%
Ehtoja vastaavia visoja ei löytynyt
Tulosjakauma
Jokaisen tuloksen saaneiden osuus
Persentiili vastausten määrän mukaan
Tuloshistoriasi
Et ole pelannut tätä visaa sen viimeisimmän päivityksen jälkeen